000
00225 a2200097 4500
001
51271
100
_a
Khurmi R S
245
_a
Text Book of Fluid Mechanics.
260
_a
New Delhi
_b
S Chand & Co.
_c
090
_c
32462
_d
32462
942
_a
NUST-CAE
_c
M
_c
24961
999
_c
286344
_d
286344